000 00591 a2200181 4500
999 _c3014
_d3014
020 _a9780199230662
050 _aK3601 HER 2008
100 _aHerring, Jonathan
_eauthor
245 _aMedical law and ethics /
_cJonathan Herring
250 _a2nd ed.
264 _aOxford ; New York :
_b Oxford University Press,
_c2008
300 _axxxviii, 657 p. :
500 _aIncludes bibliographical references and index
650 _aMedical laws and legislation
650 _aMedical ethics
650 _aMedical laws and legislation--
_xGreat Britain
942 _2lcc
_cBK
_e2nd ed.
_h3601
_iHER
_kK